Statistics for Ghosts of Scooby Doo

Click here to take the quiz!

General Stats

  • This quiz has been taken 527 times
  • The average score is 10 of 25

Answer Stats

EpisodeVillain% Correct
Which ..... is Which?The Swamp Witch and the Zombie
81%
Hassle in the CastleThe Phantom of Vasquez Castle
73%
What a Night for a .....The Black Knight
72%
Mine Your Own BusinessMiner 49'er
68%
Jeepers, it's the .......The Creeper
68%
Bedlam in the Big TopThe Ghost Clown
57%
Who's Afraid of the Big Bad ........The Werewolf
56%
Go Away Ghost Ship!Redbeard's Ghost
47%
Don't Fool With a .......The Wax Phantom
45%
Foul Play in .......Charlie the Funland Robot
43%
Nowhere to ....The Ghost of Mr. Hyde
39%
That's .... .....Snow Ghost
38%
Scooby-Doo and a ..... TooThe Mummy of Ankha
36%
A Tiki Scare is No FairThe Witch Doctor and Mano Tiki Tia
34%
Spooky ..... ....Space Kook
32%
Never ... An ......The Apeman of Forbidden Mountain
28%
Scooby's Night with a Frozen FrightThe Cavemen
28%
A Clue for Scooby DooCaptain Cutler's Ghost
26%
A Night of Fright is No DelightThe Giggling Green Ghosts
21%
Haunted House Hang UpThe Headless Spectre
20%
The Backstage RageThe Puppetmaster
20%
What the Hex Going On?The Ghost of Elias Kingston
17%
Decoy for a DognapperThe Ghost of Geronimo
12%
A Gaggle of Galloping GhostsCarlotta the Gypsy
9%
Mystery Mask Mix UpThe Ghost of Zen Tuo and the Chinese Zombies
9%

Score Distribution

Percentile by Number Answered

Percent of People with Each Score

Your Score History

You have not taken this quiz